| 000 | 00553nam a22001817a 4500 | ||
|---|---|---|---|
| 005 | 20241011162250.0 | ||
| 010 | _aENG-142137 | ||
| 020 |
_c250.00 _a9789357943376 |
||
| 035 | _aEN-125669 | ||
| 037 | _bDBAD | ||
| 082 | _a530.11 | ||
| 100 |
_aEinstein, Albert _972756 |
||
| 245 |
_aRelativity: _bThe Special and the General Theory/ _cby Albert Einstein |
||
| 260 |
_b V & S Publishers _aNew Delhi _c2024 |
||
| 270 |
_a F-2/16, Ansari Rd, Daryaganj _bNew Delhi _e110002 |
||
| 300 |
_a111p. _c21cm(Pb) |
||
| 942 |
_2ddc _cEN _h530.11 _mEIN |
||
| 999 |
_c206357 _d206357 |
||